Power of charms : How to win anyone over in any situation (Record no. 1304968)

MARC details
000 -LEADER
fixed length control field 00546nam a2200193Ia 4500
005 - DATE AND TIME OF LATEST TRANSACTION
control field 20250326144752.0
008 - FIXED-LENGTH DATA ELEMENTS--GENERAL INFORMATION
fixed length control field 250326s9999 xx 000 0 und d
020 ## - INTERNATIONAL STANDARD BOOK NUMBER
International Standard Book Number 0-8144-7357-1
037 ## - SOURCE OF ACQUISITION
Stock number Textbook
040 ## - CATALOGING SOURCE
Original cataloging agency FMSL
Language of cataloging eng
Transcribing agency FMSL
041 ## - LANGUAGE CODE
Language code of text/sound track or separate title eng
Source of code eng
084 ## - COLON CLASSIFICATION NUMBER
Classification number S296 P6
Assigning agency FMSL
100 ## - MAIN ENTRY--PERSONAL NAME
Personal name Tracy Brian
245 #0 - TITLE STATEMENT
Title Power of charms : How to win anyone over in any situation
Statement of responsibility, etc. Tracy Brian; Arden Ron
260 ## - PUBLICATION, DISTRIBUTION, ETC.
Place of publication, distribution, etc. N.Y
Name of publisher, distributor, etc. N.Y, AMACOM
Date of publication, distribution, etc. 2006
300 ## - PHYSICAL DESCRIPTION
Extent viii,145
942 ## - ADDED ENTRY ELEMENTS (KOHA)
Koha item type Textbook
Classification part S296 P6
Holdings
Withdrawn status Lost status Damaged status Not for loan Home library Current library Date acquired Total Checkouts Full call number Barcode Date last seen Price effective from Koha item type
        Faculty of Management Library Faculty of Management Library 2025-03-26   S296 P6 ML1352978 2025-03-26 2025-03-26 Textbook
Copyright @ Delhi University Library System